| 000 | 01064nam0a2200289 4500 | ||
|---|---|---|---|
| 001 | RU\NLR\bibl\102218 | ||
| 005 | 20250617084155.0 | ||
| 021 |
_aRU _b2000-12490 _9613 |
||
| 035 | _a(NLR Aleph) 000099981 | ||
| 090 |
_a564170 _c564170 |
||
| 100 | _a20000807d2000 |||y0rusy50 ca | ||
| 101 | 0 | _arus | |
| 102 | _aRU | ||
| 105 | _aa ||||||||| | ||
| 200 | 1 |
_aКурс общей логики в кратком изложении _fС.С. Рочев |
|
| 210 |
_aПермь _cРочев С.С. _d2000 |
||
| 215 |
_a58 с. _cил. _d21 |
||
| 606 | 0 |
_aЛогика _jРуководства, пособия и т.п. для высшей школы _9962734 _3RU\NLR\auth\6640868 |
|
| 606 | 0 |
_aЛогика _jУчебные издания для высшей школы _9962734 _3RU\NLR\auth\6640868 |
|
| 686 | _aЮ4я73 | ||
| 700 | 1 |
_aРочев _bС. С. _gСергей Сергеевич _4070 |
|
| 801 | 0 |
_aRU _bNLR _c20000807 _gPSBO |
|
| 801 | 1 |
_aRU _bNLR _c20000807 |
|
| 852 |
_aNLR _j2000-4/3750 |
||
| 942 | _cBOOK | ||
| 980 | _aNB | ||